000 00484 a2200169 4500
003 OSt
005 20231204161825.0
008 231204b |||||||| |||| 00| 0 eng d
020 _a9788125035480
040 _coclc
082 _a954.14
_bSRI/T
100 0 _aSrimanjari
_910016
245 _aThrough war and famine :
_b Bengal, 1939-45 /
_cSrimanjari
260 _bOrient Blackswan,
_c2009.
300 _a274p
942 _2ddc
_cBK
_h954.14
_iSRI/T
_k954.14
_mSRI/T
999 _c43837
_d43837